00395nam a2200133Ia 4500008004100000041000800041082001300049100001800062245010200080250000600182260004600188300001200234650001500246210716s1960 xx 000 0 und d aeng a153 SNEB aSnell, Bruno. aDiscovery of the mind: the greek origins of european thought.bGreek origins of european thought. a1 aNew YorkbHarper and Row publishersc1960 axiv,322 aPsychology